skbl

Dr Suryya Kumar Bhuyan Library Web-OPAC
ডঃ সূৰ্য্য
কুমাৰ ভূঞা পুথিভঁৰাল ৱেব-অ'পেক

All Research Scholars are advised to clear the annual library fees to continue using Library Resources, Remote Access, Plagiarism Test and Library Clearance.

Cotton University Book Fair 2026

Asomiya Natya Sahitya (Record no. 55230)

MARC details
000 -LEADER
fixed length control field 00492nam a2200181Ia 4500
001 - CONTROL NUMBER
control field 55297
008 - FIXED-LENGTH DATA ELEMENTS--GENERAL INFORMATION
fixed length control field 120912n ii |||gr||||Z||||||465
082 ## - DEWEY DECIMAL CLASSIFICATION NUMBER
Classification number 891.41209
245 #0 - TITLE STATEMENT
Title Asomiya Natya Sahitya
Statement of responsibility, etc. Satyandranath Sarmah
Medium Textual Documents
260 ## - PUBLICATION, DISTRIBUTION, ETC.
Place of publication, distribution, etc. Reehabari Ghy-8:
Name of publisher, distributor, etc. Saumar Prakash.
300 ## - PHYSICAL DESCRIPTION
Extent 372pg:
Dimensions 23cm.
653 ## - INDEX TERM--UNCONTROLLED
Uncontrolled term Assamese
653 ## - INDEX TERM--UNCONTROLLED
Uncontrolled term PG-Assamese
653 ## - INDEX TERM--UNCONTROLLED
Uncontrolled term MS-Assamese
653 ## - INDEX TERM--UNCONTROLLED
Uncontrolled term Natya Sahitya
700 ## - ADDED ENTRY--PERSONAL NAME
Personal name Sarmah,Satyandranath,
Relator term Author.,
942 ## - ADDED ENTRY ELEMENTS (KOHA)
Source of classification or shelving scheme Dewey Decimal Classification
Koha item type Books
Holdings
Withdrawn status Lost status Damaged status Not for loan Collection Home library Current library Shelving location Date acquired Coded location qualifier Cost, normal purchase price Total checkouts Full call number Barcode Date last seen Copy number Price effective from Koha item type
          Dr. Suryya Kumar Bhuyan Library Dr. Suryya Kumar Bhuyan Library   12/09/2012 00000 100.00   891.41209 Sh 74 As 5858/As 14/01/2024 1 12/09/2012 Books
          Dr. Suryya Kumar Bhuyan Library Dr. Suryya Kumar Bhuyan Library   12/09/2012 00000 100.00   891.41209 Sa 74 As 5857/As 14/01/2024 2 12/09/2012 Books

Designed and Maintained by Team SKBL
©1901-2026

Powered by Koha